000 00438nam a22001817a 4500
999 _c10535
_d10535
003 OSt
008 210303b ||||| |||| 00| 0 eng d
020 _a9788120350465
082 _a006.3 KUA
100 _aKULKARNI, Parag
245 _aArtificial Intelligence : Building Intelligent Systems
250 _aRep.
260 _aNew Delhi
_bPHI
_c2021
300 _a506
650 _aIOT
700 _aJOSHI, Prachi
942 _2ddc
_cBK
_03